000 00431nam a2200169Ia 4500
003 GCL
008 140319s9999 xx 000 0 eng d
040 _aGCL /
_cGCL
082 0 4 _a621.4025
_bM H
100 1 _aMILES,LEE
245 1 0 _aHEAT PUMPS: THEORY AND SERVICE /
_cMILES,LEE
260 _a[S.N] :
_bDelmar publishers Inc ،
_c1994
300 _a397 PP
650 0 4 _aHEAT PUMPS
650 0 4 _aHEAT ENGINES
942 _2ddc
_cBK
999 _c16659
_d16659